Az izr. hitközség köréböl

Správa o tom, že na základe sťažnosti, ktorá pramení z nezrovnalostí pri voľbe predstavenstva židovskej náboženskej obce v Humennom nariaďuje krajinská ortodoxná židovská náboženská centrálna úradovňa v Budapešti (orsz. izr. orth. hitf. közp. iroda) vyšetrovanie, ktoré má prebehnúť ešte v júli 1908....

Celý popis

Podrobná bibliografia
Médium: Článok
Jazyk:Hungarian
Témy:
Zdroj: 1. Homonna és Vidéke : Vegyes tartalmu társadalmi, közművelődési, szépirodalmi és közgazdasági hetilap 1. Roč. 8, č. 30 (23.07.1908) s. 2
LEADER 01304nab#a2200325#ar4500
001 000068113
003 SVKKK
005 19990812xxxxxxx.
008 06 c xo huno
FMT
038 |a SVKKK 
040 |a SVKKK  |b slo  |e AACR2 
041 0 |a hun 
044 |a xo  |c SK 
080 |a 296 
242 1 0 |a Z okruhu židovskej náboženskej obce 
245 0 0 |a Az izr. hitközség köréböl 
500 |a mikrofilm 
520 2 |a Správa o tom, že na základe sťažnosti, ktorá pramení z nezrovnalostí pri voľbe predstavenstva židovskej náboženskej obce v Humennom nariaďuje krajinská ortodoxná židovská náboženská centrálna úradovňa v Budapešti (orsz. izr. orth. hitf. közp. iroda) vyšetrovanie, ktoré má prebehnúť ešte v júli 1908. 
650 0 4 |a židovská náboženská obec, Humenné - sťažnosť - krajinské ortodoxné židovské náboženské centrum, Budapešť - vyšetrovanie nariadené - júl 1907 - správy 
773 0 |t Homonna és Vidéke : Vegyes tartalmu társadalmi, közművelődési, szépirodalmi és közgazdasági hetilap  |g Roč. 8, č. 30 (23.07.1908) s. 2 
957 |a Budapešť 
957 |a Humenné 
958 |a CI 
958 |a DG 
958 |a SK 
974 |a Ba  |d 19990812 
992 |a RBX 
BAS
998 |a RETRO